The Three billy-goats gruff / (Record no. 2637)

MARC details
000 -LEADER
fixed length control field 00803nam a2200253u 4500
005 - DATE AND TIME OF LATEST TRANSACTION
control field 20240111134530.0
020 ## - INTERNATIONAL STANDARD BOOK NUMBER
International Standard Book Number 9780899190358
040 ## - CATALOGING SOURCE
Original cataloging agency DLC
Transcribing agency CarP
Modifying agency DLC
Language of cataloging eng
050 ## - LIBRARY OF CONGRESS CALL NUMBER
Classification number PZ8.A8
082 ## - DEWEY DECIMAL CLASSIFICATION NUMBER
Classification number 398.20948104529648
100 ## - MAIN ENTRY--PERSONAL NAME
Personal name Galdone, Paul
245 04 - TITLE STATEMENT
Title The Three billy-goats gruff /
250 ## - EDITION STATEMENT
Edition statement Printed in Singapore
260 ## - PUBLICATION, DISTRIBUTION, ETC.
Place of publication, distribution, etc. New York :
Name of publisher, distributor, etc. Houghton Mifflin Company,
Date of publication, distribution, etc. 1973
300 ## - PHYSICAL DESCRIPTION
Extent 32 pages ;:
Other physical details color illustrations ;
Dimensions 29 cm .
505 ## - FORMATTED CONTENTS NOTE
Formatted contents note J <br/>
520 ## - SUMMARY, ETC.
Summary, etc. Three clever billy goats outwit a big ugly troll that lives under the bridge they must cross on their way up the mountain.
521 ## - TARGET AUDIENCE NOTE
Target audience note 500 <br/>
Source Lexile <br/>
521 ## - TARGET AUDIENCE NOTE
Target audience note J <br/>
Source Raz-Plus <br/>
700 1# - ADDED ENTRY--PERSONAL NAME
Personal name Paul F. Galdone
906 ## - LOCAL DATA ELEMENT F, LDF (RLIN)
a 0
b cbc
c premunv
d u
e ncip
f 19
g y-gencatlg
942 ## - ADDED ENTRY ELEMENTS (KOHA)
Source of classification or shelving scheme Dewey Decimal Classification
Koha item type Books
Suppress in OPAC No
999 ## -
-- 2637
-- 2637
Holdings
Withdrawn status Lost status Source of classification or shelving scheme Damaged status Not for loan Collection Home library Current library Shelving location Date acquired Total Checkouts Full call number Barcode Date last seen Date last checked out Price effective from Koha item type
    Dewey Decimal Classification     Fiction Footprints International School Library Network Toul Kork Campus Footprints International School Library Network Toul Kork Campus   01/05/2024 3 GAL 398.20948104529648 PZ8A8 2024-0004 03/19/2024 03/05/2024 01/05/2024 Books